Statistics for The Mummy Deaths

Click here to take the quiz!

General Stats

  • This quiz has been taken 21 times
  • The average score is 4 of 9

Answer Stats

HintAnswer% Correct
Killed by Scarab BeetlesBeni Gabor
77%
Killed in a Plane CrashWinston Havelock
69%
Drained by ImhotepBernard Burns
54%
Drained by ImhotepDavid Daniels
38%
Drained by ImhotepIsaac Henderson
38%
Killed by Scarab BeetleGad Hassan
23%
Burned/ShotHook
23%
Killed by a Horde of Enslaved VillagersTerrence Bey
23%
Drained by ImhotepAllen Chamberlain
15%

Score Distribution

Percentile by Number Answered

Percent of People with Each Score

Your Score History

You have not taken this quiz